000 00504pab a2200157 454500
008 180718b2014 xxu||||| |||| 00| 0 eng d
100 _aPalma, Jose Gabriel
245 _aHas the income share of the middle and upper-middle been stable around the '50/50 Rule', or has in converged towards that level? The 'Palma Ratio' revisited
260 _c2014
300 _ap.1416-1448.
362 _aNov
650 _aIncome distribution
773 _aDevelopment and Change
908 _aN
909 _a106734
999 _c106729
_d106729